000 00706cab a2200241 4500
001 ABS51471
008 090401t1994 xxu||||| |||| 00| 0 eng d
035 _a(Sirsi) u28931
041 _aeng
245 _aCountryside 2000
260 _c1994
350 _a0
490 _aCountry Life
_v188(38) 22 September 1994, 80(1)
520 _aAs part of Country Life`s campaign for a white paper on the countryside, the author calls for flexible planning policy to encourage rural enterprise.
650 _aCOUNTRYSIDE
650 _aPLANNING POLICY
650 _aRURAL AREAS
650 _aRURAL ENTERPRISE
650 _aWHITE PAPER
690 _aRURAL PRACTICE
942 _n0
948 _c04/03/1997
999 _c19464
_d19464